Chicago Landmarks - Statistics

General Stats
  • This quiz has been taken 216 times
    197 since last reset
  • The average score is 14 of 20
Answer Stats
Hint Answer % Correct
Chicago's Airports O'Hare
95%
Tallest building in town Sears (Willis) Tower
93%
Ferris wheel, IMAX theater and bars where ships dock Navy Pier
89%
Where the Cubs lose Wrigley Field
88%
City aquarium Shedd Aquarium
86%
Midway
85%
Where Da Bears play Soldier Field
83%
Home of an abstract bandshell and the Bean Millennium Park
82%
Large fountain in the center of the above Buckingham Fountain
73%
Park along Lake Michigan, named for the 18th President Grant Park
73%
Where the Blackhawks and Bulls play United Center
69%
Nickname for part of Michigan Avenue Magnificent Mile
67%
Comedy club where many greats got their start Second City
65%
Museum of natural history Field Museum
63%
Where you can see the stars and planets Adler Planetarium
59%
Where the White Sox play US Cellular Field
52%
Home of the U-505 submarine Museum of Science & Industry
51%
Mall in Schaumburg, one of the world's largest Woodfield Mall
42%
Lincoln Park Zoo
41%
Two other places where bears might play Brookfield Zoo
27%
No matching quizzes found
Score Distribution
Percent of People with Each Score
Percentile by Number Answered
Your Score History
You have not taken this quiz since the last reset